LEADER 01464nam a2200289 u 4500 001 000000052634 003 CaOOAMICUS 005 20070226115454.0 008 001020s1963 it u000 u ita u 035 $a10858993 040 $aPUL(R)$bita 100 1 $aCiprotti, Pio,$d1914-1993.$0(OLS)http://pul/name/1280 245 10$aElezioni amministrative nel I secolo dell'Impero Romano /$cPio Ciprotti. 260 $aMilano :$bGiuffrè,$c1963. 300 $aP. [129]-144 ;$c24 cm 500 $aEstratto da: "Università di Camerino, Annali della facoltà giuridica, Anno XXIX (1963)". 504 $aBibliografia in nota. 650 4$aDiritto romano$xStoria.$0(OLS)http://pul/subject/1406 651 4$aRoma$xStoria$yImpero, 30 a.C.-284 d.C.$0(OLS)http://pul/subject/2293 850 $aPUL 852 $aPUL$W1$xDP1 Fondo Ciprotti$y59$m1544 E 136$j69551$nBK-PRI$b $qFondi$B69551$CPULBib$Z2$F69551 $H $81 852 $aPUL$W1$xDP1 Fondo Ciprotti$y59$m1544 E 136bis$j69552$nBK-PRI$b $qFondi$B69552$CPULBib$Z2$F69552 $H $81 852 $aPUL$W1$xDP1 Fondo Ciprotti$y59$m1544 E 136ter$j69553$nBK-PRI$b $qFondi$B69553$CPULBib$Z2$F69553 $H $81 941 1 $a1 961 $aINV: F. CIprotti 996 $6245$aElezioni amministrative nel I secolo dell'Impero Romano$9(OLS)http://pul/title/70575 996 $6260$aMilano :$bGiuffrè$9(OLS)http://pul/publisher/48401 LEADER 01128nam a2200301 u 4500 001 000000081848 003 CaOOAMICUS 005 20070226123811.0 008 050401s2004 gw u000 u ger u 020 $a3897853078 035 $a11037003 040 $aPUL$bita 100 1 $aKersting, Wolfgang.$0(OLS)http://pul/name/54501 245 10$aKant über Recht /$cWolfgang Kersting. 260 $aPaderbon :$bMentis,$cc2004. 300 $a236 p. ;$c24 cm 490 1 $aEthica ;$vBd. 8 500 $aIncluso indice. 504 $aBibliografia in nota. 600 14$aKant, Immanuel,$d1724-1804.$0(OLS)http://pul/subject/4849 650 4$aDiritto.$0(OLS)http://pul/subject/491 830 0$aEthica ;$vBd. 8.$0(OLS)http://pul/title/60 850 $aPUL 852 $aPUL$W1$xSL Diritto e Scienze Sociali 3$y79$m340 KERWO 1$j104344$nBK-PRI$b $qDDC 21$B104344$CPULBib$Z2$F104344 $HPUL97587 $81 941 1 $a9 996 $6020$a3897853078$9(OLS)http://pul/number/108432 996 $6245$aKant über Recht$9(OLS)http://pul/title/106995 996 $6260$aPaderbon :$bMentis$9(OLS)http://pul/publisher/76118